000 00507nam a2200133Ia 4500
008 171207s9999 xx 000 0 und d
100 _aLuke, Chad
245 _aLearner-Centered Counseling Theory: An Innovative Perspective
245 _cChad Luke
260 _c2017
300 _apages 305-319, July-September 2017
440 _aJournal of Creativity in Mental Health
_v12:3
650 _aAndragogy, counseling theory, counselor education, counseling, creativity in counseling, pedagogy, student-centered
999 _c347695
_d347695